| 000 | 00520nam a2200157Ia 4500 | ||
|---|---|---|---|
| 008 | 210430s9999 xx 000 0 und d | ||
| 020 | _a1569903867 (hardcover) | 97815 | ||
| 082 | _a620.1923 E677D | ||
| 100 |
_aErhard, G. _954860 |
||
| 245 |
_aDesigning with plastics / _cErhard, G. |
||
| 260 |
_aCincinnati : _bHanser Gardner Publications, _c2006 |
||
| 300 | _axii, 517 p. : | ||
| 650 |
_aKonstruieren mit Kunststoffen. _954861 |
||
| 856 | _uhttp://www.loc.gov/catdir/toc/ecip061/2005029061.html | ||
| 942 |
_cREF _2ddc |
||
| 999 |
_c565748 _d565748 |
||